| Registos Bibliográficos associados ao registo de autoridade |
|
Etiqueta de registo: 00000nam 2200025 450 001 2288198 003 http://id.bnportugal.gov.pt/bib/catbnp/2288198 100 ## $a20260618d2023 k y0pory01030103ba 101 0# $apor$deng 102 ## $aPT 105 ## $aa m 000yy 106 ## $ar 200 1# $a A indefinição de escultura$fFernando Miguel Roussado Silva$gorient. João Carlos de Castro Silva 210 #9 $aLisboa$c[s.n.],$d2023 215 ## $a250 p.$cil.$d30 cm 328 #1 $aTese dout. Belas-Artes (Escultura), Faculdade de Belas-Artes, Universidade de Lisboa,
2023 700 #1 $aSilva,$bFernando Miguel Roussado$32000958 702 #1 $aSilva,$bJoão Carlos de Castro,$f1966-$4727$31474605 801 #0 $aPT$bBN$gRPC 966 ## $lBN$mFGMON$x1 971 ## $corlando$d20260618
|
|
|